MARC details
| 001 - CONTROL NUMBER |
| control field |
0000 |
| 003 - CONTROL NUMBER IDENTIFIER |
| control field |
0000 |
| 005 - DATE AND TIME OF LATEST TRANSACTION |
| control field |
20251016094733.0 |
| 008 - FIXED-LENGTH DATA ELEMENTS--GENERAL INFORMATION |
| fixed length control field |
160825s2016 flu bf 001 0 eng |
| 010 ## - LIBRARY OF CONGRESS CONTROL NUMBER |
| LC control number |
2016039375 |
| 020 ## - INTERNATIONAL STANDARD BOOK NUMBER |
| International Standard Book Number |
9781032043371 |
| 035 ## - SYSTEM CONTROL NUMBER |
| System control number |
19251747 |
| 035 ## - SYSTEM CONTROL NUMBER |
| System control number |
(DNLM)101691442 |
| 040 ## - CATALOGING SOURCE |
| Original cataloging agency |
DNLM/DLC |
| Transcribing agency |
DLC |
| Description conventions |
rda |
| 042 ## - AUTHENTICATION CODE |
| Authentication code |
pcc |
| 050 00 - LIBRARY OF CONGRESS CALL NUMBER |
| Classification number |
RC 78.4 .W45 |
| 060 10 - NATIONAL LIBRARY OF MEDICINE CALL NUMBER |
| Classification number |
WN 39 |
| 082 00 - DEWEY DECIMAL CLASSIFICATION NUMBER |
| Classification number |
616.07/572 |
| Edition number |
23 |
| 100 1# - MAIN ENTRY--PERSONAL NAME |
| Personal name |
Whitley, A. S. |
| Fuller form of name |
(A. Stewart), |
| Relator term |
author. |
| 245 10 - TITLE STATEMENT |
| Title |
Clark's pocket handbook for radiographers / |
| Statement of responsibility, etc |
A. Stewart Whitley, Charles Sloane, Gail Jefferson, Ken Holmes, Craig Anderson. |
| 246 1# - VARYING FORM OF TITLE |
| Title proper/short title |
Pocket handbook for radiographers |
| 250 ## - EDITION STATEMENT |
| Edition statement |
3rd ed. |
| 263 ## - PROJECTED PUBLICATION DATE |
| Projected publication date |
1612 |
| 264 #1 - PUBLICATION, DISTRIBUTION, ETC. (IMPRINT) |
| Place of publication, distribution, etc |
Boca Raton : |
| Name of publisher, distributor, etc |
Taylor & Francis, |
| Date of publication, distribution, etc |
2024. |
| 300 ## - PHYSICAL DESCRIPTION |
| Extent |
xi, 276p. ill. |
| 336 ## - CONTENT TYPE |
| Content type term |
text |
| Source |
rdacontent |
| 337 ## - MEDIA TYPE |
| Media type term |
unmediated |
| Source |
rdamedia |
| 338 ## - CARRIER TYPE |
| Carrier type term |
volume |
| Source |
rdacarrier |
| 490 ## - SERIES STATEMENT |
| Series statement |
Clark's Companion Essential Guides |
| 500 ## - GENERAL NOTE |
| General note |
Accompaniment to Clark's positioning / A. Stewart Whitley [and 5 others]. 13th edition. 2016. |
| 504 ## - BIBLIOGRAPHY, ETC. NOTE |
| Bibliography, etc |
Includes bibliographical references and index. |
| 650 12 - SUBJECT ADDED ENTRY--TOPICAL TERM |
| Topical term or geographic name as entry element |
Technology, Radiologic |
| 650 12 - SUBJECT ADDED ENTRY--TOPICAL TERM |
| Topical term or geographic name as entry element |
Patient Positioning |
| 655 #2 - INDEX TERM--GENRE/FORM |
| Genre/form data or focus term |
Handbooks |
| 700 1# - ADDED ENTRY--PERSONAL NAME |
| Personal name |
Sloane, Charles, |
| Relator term |
author. |
| 700 1# - ADDED ENTRY--PERSONAL NAME |
| Personal name |
Jefferson, Gail |
| Relator term |
author. |
| 700 1# - ADDED ENTRY--PERSONAL NAME |
| Personal name |
Holmes, Ken |
| Fuller form of name |
(Kenneth), |
| Dates associated with a name |
1955- |
| Relator term |
author. |
| 700 1# - ADDED ENTRY--PERSONAL NAME |
| Personal name |
Anderson, Craig |
| Titles and other words associated with a name |
(Of University of Cumbria), |
| Relator term |
author. |
| 700 0# - ADDED ENTRY--PERSONAL NAME |
| Relationship information |
Complemented by (expression): |
| Personal name |
Whitley, A. S. |
| Fuller form of name |
(A. Stewart). |
| Title of a work |
Clark's positioning. |
| Version |
13th. |
| 906 ## - LOCAL DATA ELEMENT F, LDF (RLIN) |
| a |
7 |
| b |
cbc |
| c |
orignew |
| d |
1 |
| e |
ecip |
| f |
20 |
| g |
y-gencatlg |
| 942 ## - ADDED ENTRY ELEMENTS (KOHA) |
| Source of classification or shelving scheme |
Library of Congress Classification |
| Koha item type |
Books |